<?xml version="1.0" encoding="UTF-8"?>
<record
    xmlns:xsi="http://www.w3.org/2001/XMLSchema-instance"
    xsi:schemaLocation="http://www.loc.gov/MARC21/slim http://www.loc.gov/standards/marcxml/schema/MARC21slim.xsd"
    xmlns="http://www.loc.gov/MARC21/slim">

  <leader>01161aam a2200361 i 4500</leader>
  <datafield tag="999" ind1=" " ind2=" ">
    <subfield code="c">141949</subfield>
    <subfield code="d">141949</subfield>
  </datafield>
  <controlfield tag="001">vtls000846687</controlfield>
  <controlfield tag="003">PNM</controlfield>
  <controlfield tag="005">20180728150029.0</controlfield>
  <controlfield tag="007">fb u un  a</controlfield>
  <controlfield tag="008">180208s2015       a   ff     000 0 may d</controlfield>
  <datafield tag="020" ind1=" " ind2=" ">
    <subfield code="q">paperback</subfield>
  </datafield>
  <datafield tag="039" ind1=" " ind2="9">
    <subfield code="a">201803210821</subfield>
    <subfield code="b">marsila</subfield>
    <subfield code="c">201803071158</subfield>
    <subfield code="d">marsila</subfield>
    <subfield code="c">201803070757</subfield>
    <subfield code="d">faezah</subfield>
    <subfield code="c">201803060830</subfield>
    <subfield code="d">faezah</subfield>
  </datafield>
  <datafield tag="040" ind1=" " ind2=" ">
    <subfield code="a">PNM</subfield>
    <subfield code="b">eng</subfield>
    <subfield code="c">PNM</subfield>
    <subfield code="e">rda</subfield>
    <subfield code="d">PPAK</subfield>
  </datafield>
  <datafield tag="082" ind1="0" ind2="4">
    <subfield code="a">513.076</subfield>
    <subfield code="2">23</subfield>
  </datafield>
  <datafield tag="090" ind1="0" ind2="0">
    <subfield code="a">513.076</subfield>
    <subfield code="b">CHA</subfield>
    <subfield code="d">RKOKU</subfield>
  </datafield>
  <datafield tag="100" ind1="1" ind2=" ">
    <subfield code="a">Chan, Yook Lean,</subfield>
    <subfield code="e">author.</subfield>
  </datafield>
  <datafield tag="245" ind1="1" ind2="0">
    <subfield code="a">MATEMATIK.</subfield>
    <subfield code="n">TAHUN 6.</subfield>
    <subfield code="n">JILID 1-9 /</subfield>
    <subfield code="c">Chan Yook Lean, Marzita Puteh</subfield>
  </datafield>
  <datafield tag="250" ind1=" " ind2=" ">
    <subfield code="a">EDISI 2015</subfield>
  </datafield>
  <datafield tag="264" ind1=" " ind2="1">
    <subfield code="a">Kuala Lumpur :</subfield>
    <subfield code="b">[KL Braille Resources],</subfield>
    <subfield code="c">[2015?]</subfield>
  </datafield>
  <datafield tag="300" ind1=" " ind2=" ">
    <subfield code="a">9 volumes :</subfield>
    <subfield code="b">illustrations ;</subfield>
    <subfield code="c">29 cm</subfield>
  </datafield>
  <datafield tag="336" ind1=" " ind2=" ">
    <subfield code="a">tactile text</subfield>
    <subfield code="2">rdacontent</subfield>
  </datafield>
  <datafield tag="337" ind1=" " ind2=" ">
    <subfield code="a">unmediated</subfield>
    <subfield code="2">rdamedia</subfield>
  </datafield>
  <datafield tag="338" ind1=" " ind2=" ">
    <subfield code="a">volume</subfield>
    <subfield code="2">rdacarrier</subfield>
  </datafield>
  <datafield tag="500" ind1=" " ind2=" ">
    <subfield code="a">The book has been place it at OKU ROOM PPAK Alor Setar</subfield>
  </datafield>
  <datafield tag="500" ind1=" " ind2=" ">
    <subfield code="a">Year 6</subfield>
  </datafield>
  <datafield tag="500" ind1=" " ind2=" ">
    <subfield code="a">Primary school</subfield>
  </datafield>
  <datafield tag="546" ind1=" " ind2=" ">
    <subfield code="a">Malay</subfield>
    <subfield code="b">braille</subfield>
  </datafield>
  <datafield tag="650" ind1="1" ind2="0">
    <subfield code="a">Arithmetic</subfield>
    <subfield code="v">Problems, exercises, etc.</subfield>
  </datafield>
  <datafield tag="650" ind1="2" ind2="0">
    <subfield code="a">Arithmetic</subfield>
    <subfield code="v">Textbooks</subfield>
  </datafield>
  <datafield tag="650" ind1="2" ind2="0">
    <subfield code="a">Braille books</subfield>
  </datafield>
  <datafield tag="700" ind1="0" ind2=" ">
    <subfield code="a">Marzita Puteh,</subfield>
    <subfield code="e">author.</subfield>
  </datafield>
  <datafield tag="942" ind1=" " ind2=" ">
    <subfield code="2">ddc</subfield>
    <subfield code="c">B</subfield>
  </datafield>
  <datafield tag="952" ind1=" " ind2=" ">
    <subfield code="0">0</subfield>
    <subfield code="3">bound</subfield>
    <subfield code="7">1</subfield>
    <subfield code="b">PPAK</subfield>
    <subfield code="c">RKOKU</subfield>
    <subfield code="d">2018-04-08</subfield>
    <subfield code="h">Jilid 1/9</subfield>
    <subfield code="o">RKOKU 513.076 CHA</subfield>
    <subfield code="p">A01556771</subfield>
    <subfield code="r">2018-04-08 00:00:00</subfield>
    <subfield code="y">B</subfield>
  </datafield>
  <datafield tag="952" ind1=" " ind2=" ">
    <subfield code="0">0</subfield>
    <subfield code="3">bound</subfield>
    <subfield code="7">1</subfield>
    <subfield code="b">PPAK</subfield>
    <subfield code="c">RKOKU</subfield>
    <subfield code="d">2018-04-08</subfield>
    <subfield code="h">Jilid 2/9</subfield>
    <subfield code="o">RKOKU 513.076 CHA</subfield>
    <subfield code="p">A01556772</subfield>
    <subfield code="r">2018-04-08 00:00:00</subfield>
    <subfield code="y">B</subfield>
  </datafield>
  <datafield tag="952" ind1=" " ind2=" ">
    <subfield code="0">0</subfield>
    <subfield code="3">bound</subfield>
    <subfield code="7">1</subfield>
    <subfield code="b">PPAK</subfield>
    <subfield code="c">RKOKU</subfield>
    <subfield code="d">2018-04-08</subfield>
    <subfield code="h">Jilid 3/9</subfield>
    <subfield code="o">RKOKU 513.076 CHA</subfield>
    <subfield code="p">A01556773</subfield>
    <subfield code="r">2018-04-08 00:00:00</subfield>
    <subfield code="y">B</subfield>
  </datafield>
  <datafield tag="952" ind1=" " ind2=" ">
    <subfield code="0">0</subfield>
    <subfield code="3">bound</subfield>
    <subfield code="7">1</subfield>
    <subfield code="b">PPAK</subfield>
    <subfield code="c">RKOKU</subfield>
    <subfield code="d">2018-04-08</subfield>
    <subfield code="h">Jilid 4/9</subfield>
    <subfield code="o">RKOKU 513.076 CHA</subfield>
    <subfield code="p">A01556774</subfield>
    <subfield code="r">2018-04-08 00:00:00</subfield>
    <subfield code="y">B</subfield>
  </datafield>
  <datafield tag="952" ind1=" " ind2=" ">
    <subfield code="0">0</subfield>
    <subfield code="3">bound</subfield>
    <subfield code="7">1</subfield>
    <subfield code="b">PPAK</subfield>
    <subfield code="c">RKOKU</subfield>
    <subfield code="d">2018-04-08</subfield>
    <subfield code="h">Jilid 5/9</subfield>
    <subfield code="o">RKOKU 513.076 CHA</subfield>
    <subfield code="p">A01556775</subfield>
    <subfield code="r">2018-04-08 00:00:00</subfield>
    <subfield code="y">B</subfield>
  </datafield>
  <datafield tag="952" ind1=" " ind2=" ">
    <subfield code="0">0</subfield>
    <subfield code="3">bound</subfield>
    <subfield code="7">1</subfield>
    <subfield code="b">PPAK</subfield>
    <subfield code="c">RKOKU</subfield>
    <subfield code="d">2018-04-08</subfield>
    <subfield code="h">Jilid 6/9</subfield>
    <subfield code="o">RKOKU 513.076 CHA</subfield>
    <subfield code="p">A01556776</subfield>
    <subfield code="r">2018-04-08 00:00:00</subfield>
    <subfield code="y">B</subfield>
  </datafield>
  <datafield tag="952" ind1=" " ind2=" ">
    <subfield code="0">0</subfield>
    <subfield code="3">bound</subfield>
    <subfield code="7">1</subfield>
    <subfield code="b">PPAK</subfield>
    <subfield code="c">RKOKU</subfield>
    <subfield code="d">2018-04-08</subfield>
    <subfield code="h">Jilid 7/9</subfield>
    <subfield code="o">RKOKU 513.076 CHA</subfield>
    <subfield code="p">A01556777</subfield>
    <subfield code="r">2018-04-08 00:00:00</subfield>
    <subfield code="y">B</subfield>
  </datafield>
  <datafield tag="952" ind1=" " ind2=" ">
    <subfield code="0">0</subfield>
    <subfield code="3">bound</subfield>
    <subfield code="7">1</subfield>
    <subfield code="b">PPAK</subfield>
    <subfield code="c">RKOKU</subfield>
    <subfield code="d">2018-04-08</subfield>
    <subfield code="h">Jilid 8/9</subfield>
    <subfield code="o">RKOKU 513.076 CHA</subfield>
    <subfield code="p">A01556778</subfield>
    <subfield code="r">2018-04-08 00:00:00</subfield>
    <subfield code="y">B</subfield>
  </datafield>
  <datafield tag="952" ind1=" " ind2=" ">
    <subfield code="0">0</subfield>
    <subfield code="3">bound</subfield>
    <subfield code="7">1</subfield>
    <subfield code="b">PPAK</subfield>
    <subfield code="c">RKOKU</subfield>
    <subfield code="d">2018-04-08</subfield>
    <subfield code="h">Jilid 9/9</subfield>
    <subfield code="o">RKOKU 513.076 CHA</subfield>
    <subfield code="p">A01556779</subfield>
    <subfield code="r">2018-04-08 00:00:00</subfield>
    <subfield code="y">B</subfield>
  </datafield>
</record>
